000 00255nam a2200109Ia 4500
008 200302s9999 xx 000 0 und d
100 _aChris Van Uffelen
245 _aEcological architecture
260 _bBraun Publishing
260 _c2009
300 _a439
999 _c6357
_d6357